El mesianismo entre la razón y la locura : (Registro nro. 64810)
[ vista simple ]
| 000 -LÍDER | |
|---|---|
| Campo fijo de descripción fija | 01229naa a22002174i 4500 |
| 001 - NÚMERO DE CONTROL | |
| Campo de control | 768714001 |
| 003 - IDENTIFICADOR DEL NÚMERO DE CONTROL | |
| Campo de control | CO-MdFUSB |
| 005 - FECHA Y HORA DE LA ULTIMA TRANSACCIÓN | |
| control field | 20260313092512.0 |
| 008 - ELEMENTOS DE LONGITUD FIJA -- INFORMACIÓN GENERAL | |
| Campo fijo de descripción fija -- Información general | 190215b ||||| |||| 00| 0 eng d |
| 022 ## - NÚMERO INTERNACIONAL NORMALIZADO PARA PUBLICACIONES SERIADAS | |
| Número Internacional Normalizado para Publicaciones Seriadas | 0210-104 |
| 040 ## - FUENTE DE CATALOGACIÓN | |
| Agencia Catalogadora | CO-MdFUSB |
| Idioma de catalogación | spa |
| Agencia que realiza la transcripción | CO-MdFUSB |
| Agencia que realiza la modificación | CO-MdFUSB |
| 041 ## - CÓDIGO DE IDIOMA | |
| Código de idioma para texto/pista de sonido o título separado | spa |
| 100 ## - ASIENTO PRINCIPAL--NOMBRE PERSONAL | |
| Nombre personal | Poorthuis, Marcel |
| Término relacionador | autor |
| 245 13 - TÍTULO | |
| Título | El mesianismo entre la razón y la locura : |
| Subtitulo | maimonides sobre el Mesías |
| Mención de responsabilidad | / Marcel Poorthuis |
| 300 ## - DESCRIPCIÓN FÍSICA | |
| Extensión | Número 245 (1993), páginas 89-102 |
| Dimensiones | : 21 cm |
| 520 ## - NOTA DE RESUMEN, ETC. | |
| Nota de sumario, etc. | "Desde Moisés hasta Moisés no hay nadie más que Moisés". Con estas palabras honra el judaísmo al genio de Moisés Maimónides, que se llamaba también Rambam. Nació en la tarde del Pesah del año 1135 en Córdoba. Y llegó a ser médico, rabínico y filósofo. El respeto del que goza no nos hace sospechar hasta qué punto su obra, en tiempo ya de su vida, fue objeto de controversias y siguió siéndolo durante siglos después de su muerte, en 1204, dando lugar a acalorados debates. |
| 650 #7 - ASIENTO SECUNDARIO DE MATERIA - TERMINO TEMÁTICO | |
| Término temático o nombre geográfico como elemento de entrada | Judaísmo |
| 9 (RLIN) | 6881 |
| 773 0# - ASIENTO DE ITEM FUENTE | |
| Biblionumber | 49450 |
| Itemnumber | 60419 |
| Otro identificador del ítem | R0327 |
| Título | Revista internacional de teología Concilium |
| Número de control del registro | (CO-MdFUSB)8 |
| Número Internacional Normalizado para Publicaciones Seriadas (ISSN) | 0210-1041 |
| Parte(s) relacionada(s) / Volumen., número. (mes año), páginas | Número 245 (1993), páginas 89-102 |
| Enumeración y primera página | Página |
| 942 ## - TIPO DE MATERIAL (KOHA) | |
| Tipo de Item KOHA | Artículos de Revista |
| 945 ## - INFORMACIÓN LOCAL DEL REGISTRO | |
| Catalogador | JTF-925 |
No hay ítems disponibles.
